000 00780nam a2200277Ia 4500
003 OSt
005 20221007110446.0
006 a|||||r|||| 00| 0
007 ta
008 221006b |||||||| |||| 00| 0 eng d
020 _a333111826
024 _a21,170
037 _cTextual
040 _aLCO
_cLCO
_beng
041 _2eng
_aeng
082 _aY38:1:7.3'M30, L3
100 _aFraser Derek
245 0 _aEvolution of the British Welfare State
250 _a1st
260 _aLondon
_bThe Macmillan Press Ltd. U.K.
_c1973
300 _a299
500 _aA History of Social Policy since the Industrial Revolution
650 _aBRITISH WELFARE STATE
_9707497
942 _hY38:1:7.3'M30, L3
_cTEXL
999 _c1190733
_d1190733